000 00418nam a2200181Ia 4500
001 14799
005 20260306164940.0
008 260306t2013||||xx |||||||||||||| ||spa||
041 _aESP
082 _a519.3
_bP46
100 _aPérez Navarro, Joaquin
_eAUT
245 0 _aTeoría de juegos
260 _c2013
300 _a513 páginas :
_c24 cm.
650 _aGEN
654 _aCMA
942 _cLIB
_dJUS
_fJUS
_2ddc
_n
999 _c14799
_d14799